[Event "German Bundesliga 2021-22"]
[Site "Germany"]
[Date "2022.04.10"]
[Round "4.15"]
[White "Hoffmann, Paul"]
[Black "Reuker, Jari"]
[Result "0-1"]
[WhiteElo "2378"]
[BlackElo "2425"]
[Annotator "TA"]
[PlyCount "154"]
[EventDate "2022.03.05"]
[EventType "team-tourn"]
[EventCountry "GER"]
[SourceTitle "playchess.com"]
[Source "ChessBase"]
[SourceQuality "1"]
[TimeControl "40/5400+30:1800+30"]

{[%evp 20,154,8,0,0,0,0,-13,-11,-2,34,22,16,0,0,-4,0,-49,-53,-104,-116,-92,-95,-116,-131,-120,-111,-139,-123,-155,-120,-101,-77,-83,-77,-102,-67,-81,-70,-116,-23,-78,-20,-44,0,0,0,7,423,112,348,337,328,303,443,437,435,291,722,0,0,-91,-11,-12,-10,-28,-34,-34,-39,-68,-68,-70,-67,-60,-3,-279,-275,-434,-411,-375,-8,-8,-8,-8,-8,-8,-8,-8,-8,-8,-8,-8,-8,-8,-8,-8,-8,-35,20,14,14,14,14,-35,-35,-430,-430,-430,-430,-430,-430,-430,-430,-436,-443,-443,-430,-430,-8,-8,0,-443,-8,-8,-8,-8,-8,-29979,-29980,-29984,-29985,-29985,-29986,-29987,-29985,-29988,-29985]} 1. e4 {[%emt 0:00:00]} c6 {[%emt 0:00:00]} 2. d4 {[%emt 0:00:00]} d5 {[%emt 0:00:00]} 3. Nc3 {[%emt 0:00:00][%cal Bb1c3,Bc3e4,Be4g3][%mdl 32]} dxe4 {[%emt 0:00:00]} 4. Nxe4 {[%emt 0:00:00]} Bf5 {[%emt 0:00:00]} 5. Ng3 {[%emt 0:00:00]} Bg6 {[%emt 0:00:00]} 6. Nf3 {[%emt 0:00:00]} Nd7 {[%emt 0:00:00]} 7. h4 {[%emt 0:01:58]} h6 {[%emt 0:00:00]} 8. h5 {[%emt 0:01:24]} Bh7 {[%emt 0:00:00]} 9. Bd3 {[%emt 0:00:05]} Bxd3 {[%emt 0:00:00]} 10. Qxd3 {[%emt 0:00:04]} e6 {[%emt 0:00:00]} 11. Bf4 {[%emt 0:08:07]} Qa5+ {[%emt 0:00:00] B19: Classical Caro-Kann: 4...Bf5 main line.} 12. Bd2 {[%emt 0:01:18]} Bb4 {[%emt 0:00:00]} 13. c3 {[%emt 0:13:17]} Be7 {[%emt 0:00:00] The position is equal.} 14. c4 {[%emt 0:11:56]} Qa6 {[%emt 0:17:53]} 15. O-O {[%emt 0:10:05]} Ngf6 {[%emt 0:01:31]} 16. a4 {[%emt 0:17:22]} c5 {[%emt 0:10:10]} 17. Rfe1 {[%emt 0:04:20]} O-O {[%emt 0:05:26] [#]} 18. b4 $146 {[%emt 0:22:39]} (18. Nf5 $11 exf5 19. Rxe7) ({Predecessor:} 18. Qc3 Bd6 19. dxc5 Bxg3 20. fxg3 Qc6 21. b4 a5 22. Qa3 Nxh5 23. Nd4 Qc7 24. Qf3 {½-½ (54) Arakhamia Grant,K (2452)-Purtseladze,M (2311) Kishinev 2005}) 18... cxb4 $15 {[%emt 0:01:50]} 19. Qb3 {[%emt 0:01:50]} (19. Nf5 $1 $15 Bd6 20. Nxd6 Qxd6 21. a5) 19... Rfc8 $17 {[%emt 0:05:49]} 20. Rec1 {[%emt 0:02:03]} Bd6 {[%emt 0:09:59]} 21. Bxb4 {[%emt 0:00:24]} Bxg3 {[%emt 0:01:09]} 22. fxg3 {[%emt 0:00:03]} Nxh5 {[%emt 0:00:42]} 23. g4 {[%emt 0:00:33]} Nf4 {[%emt 0:07:56]} 24. Rc2 {[%emt 0:00:03] Against Ne2+} Nf6 {[%emt 0:10:42]} 25. Bd2 {[%emt 0:00:33]} Ng6 {[%emt 0:02:28]} 26. g5 {[%emt 0:00:16]} hxg5 {[%emt 0:00:28]} 27. Bxg5 {[%emt 0:01:32]} Ne4 {[%emt 0:02:50]} 28. Re1 {[%emt 0:01:04]} Qc6 {[%emt 0:11:12]} 29. Bc1 {[%emt 0:01:22]} (29. c5 $15) 29... Nd6 {[%emt 0:01:08]} (29... Nf6 $17 30. a5 Rc7) 30. c5 {[%emt 0:00:42]} (30. Ng5 $11) 30... Nf5 {[%emt 0:00:28]} (30... Ne4 $17) 31. g4 {[%emt 0:00:48]} Nfe7 {[%emt 0:06:48]} (31... Nfh4 $15 32. Nxh4 Nxh4) 32. Ng5 $11 {[%emt 0:00:33]} Qd5 {[%emt 0:01:43]} 33. Qh3 $36 {[%emt 0:00:27][%mdl 2048] Black is under pressure.} e5 $2 {[%emt 0:03:10][%mdl 8192]} (33... Nf8 $1 $11 {and Black is okay.}) 34. dxe5 $2 {[%emt 0:01:06]} (34. Rf2 $18 Nf8 35. Rxe5) 34... Rxc5 $2 {[%emt 0:01:11]} (34... Kf8 $2 35. Rf2 Rc6 36. Nxf7 $18) (34... Nf8 $16 {was necessary.}) 35. Rf2 $18 {[%emt 0:00:31]} Rxc1 {[%emt 0:02:16]} 36. Rxc1 {[%emt 0:00:38]} Nxe5 {[%emt 0:00:15]} (36... Nf8 {was worth a try.} 37. Rxf7 Neg6) 37. Qh7+ {[%emt 0:01:13]} Kf8 {[%emt 0:00:03]} 38. Rcf1 {[%emt 0:00:19]} f6 $2 {[%emt 0:01:15] [#]} (38... Re8 39. Qh5 Kg8 40. Qh7+ (40. Nxf7 Nxf7 41. Qxf7+ Qxf7 $18) (40. Re1 N7g6 $11) 40... Kf8 41. Nxf7 Nxf7 42. Rxf7+ Qxf7 43. Qh8+ (43. Rxf7+ Kxf7 44. Qb1 Rb8 $18) 43... Ng8 44. Rxf7+ Kxf7 45. Qh5+ g6 46. Qh7+ Kf8 47. Qxb7 Re7 48. Qc8+ Kg7) 39. Qh5 $2 {[%emt 0:00:13]} (39. Rxf6+ $1 $18 {[%mdl 512]} gxf6 40. Qh8+ Ng8 41. Rxf6+ Ke8 42. Re6+ Kf8 43. Rxe5 Qd1+ 44. Kh2 Qxg4 45. Qh7 Qf4+ 46. Kg2 Qg4+ 47. Kh1 Qd1+ 48. Kh2 Qd2+ 49. Kg3 Qc3+ 50. Nf3) 39... N7g6 $11 {[%emt 0:00:41]} 40. Qh3 {[%emt 0:01:02]} (40. Nf3 $11 {keeps the balance.}) 40... Re8 {[%emt 0:00:52]} (40... Rc8 $1 $17 {[%cal Rc8c4] And now ...Rc4 would win.} 41. Qg2 Qb3) 41. Qc3 {[%emt 0:17:29]} Kg8 {[%emt 0:00:00]} 42. Nf3 {[%emt 0:10:04]} (42. Rd2 $5 {[%cal Rd2d5]} Qc4 43. Qxc4+ Nxc4 44. Rd4 $15) 42... Nxg4 {[%emt 0:00:00] Pair of Knights!} 43. Rd2 {[%emt 0:01:40]} Qh5 {[%emt 0:01:40]} 44. Qc4+ {[%emt 0:00:36]} Kh7 {[%emt 0:01:20]} 45. Qb5 {[%emt 0:01:45]} N6e5 {[%emt 0:02:01]} 46. Qxb7 {[%emt 0:00:57]} Nc4 {[%emt 0:13:16]} (46... Qg6 $15 47. Nxe5 Rxe5) 47. Rd7 $2 {[%emt 0:00:54][%mdl 8192]} (47. Qd5 $1 $11 {and White stays safe.} Qg6 48. Nh4) 47... Qh6 $1 $19 {[%emt 0:01:13] Chess con chili.} 48. Qc7 {[%emt 0:00:32]} (48. Re7 Rxe7 49. Qxe7 Nce3) (48. Rfd1 {keeps fighting.} Nge3 49. Kf2 Nxd1+ 50. Rxd1 Qe3+ 51. Kg3) 48... Nce3 {[%emt 0:04:18]} 49. Re1 {[%emt 0:00:26]} Re5 $2 {[%emt 0:03:16]} 50. Rxg7+ $1 $11 {[%emt 0:00:33]} Qxg7 {[%emt 0:00:18]} 51. Qxg7+ {[%emt 0:00:02]} Kxg7 {[%emt 0:00:03]} 52. Nxe5 {[%emt 0:00:08]} fxe5 {[%emt 0:00:06][%cal Bf6e5,Be5e4,Be4e3,Be3e2][%mdl 32]} 53. Rc1 {[%emt 0:00:37] Against Nc4} Kf6 {[%emt 0:04:11]} 54. Rc7 {[%emt 0:00:13]} e4 {[%emt 0:01:29]} 55. Rxa7 {[%emt 0:00:09]} Nd5 {[%emt 0:01:41] Threatens to win with ...e3.} 56. Rh7 {[%emt 0:01:43]} e3 {[%emt 0:00:26]} 57. Kf1 {[%emt 0:00:06]} Nf4 {[%emt 0:00:53]} 58. a5 {[%emt 0:00:46]} Kf5 {[%emt 0:02:15]} (58... e2+ $15 59. Ke1 Ne5) 59. a6 {[%emt 0:00:28][%mdl 1024] Black must now prevent Rf7+. White has compensation.} e2+ {[%emt 0:00:49]} 60. Ke1 {[%emt 0:00:08] a7 is the strong threat.} Ne5 {[%emt 0:00:14]} 61. Rh1 {[%emt 0:01:13]} (61. Re7 $11 Nc6 62. a7 (62. Rc7 Nb4 $11) 62... Nxa7 63. Rxa7) 61... Ke4 $15 {[%emt 0:00:40] ( -> ...Ke3)} 62. Kf2 $2 {[%emt 0:00:30][%mdl 8192]} (62. a7 $2 {leads to mate.} Ke3) (62. Kd2 $1 $15) 62... Ned3+ $19 {[%emt 0:00:38]} 63. Kg3 {[%emt 0:00:16] aiming for a7.} Nd5 {[%emt 0:00:38]} ({Weaker is} 63... Nh5+ 64. Kh4 Nhf4 65. a7 e1=Q+ 66. Rxe1+ Nxe1 67. a8=Q+ $18) 64. a7 {[%emt 0:00:13]} Nb6 {[%emt 0:00:19]} 65. Rb1 {[%emt 0:01:06] [#]} Na8 $1 {[%emt 0:00:19]} 66. Kh2 {[%emt 0:00:34]} Kf3 {[%emt 0:00:25]} 67. Ra1 {[%emt 0:00:22]} Ke3 {[%emt 0:00:58]} 68. Kg3 {[%emt 0:00:10]} Nc7 $2 {[%emt 0:00:24]} (68... e1=R $19 69. Rxe1+ Nxe1) 69. Kg2 $11 {[%emt 0:00:32]} Na8 $2 {[%emt 0:00:35][%mdl 8192]} (69... Kf4 $11) 70. Kg3 $19 {[%emt 0:00:04]} Nb6 $2 {[%emt 0:00:03]} (70... e1=Q+ $19 71. Rxe1+ Nxe1) 71. Kg2 $1 $11 {[%emt 0:00:05]} Nf4+ {[%emt 0:00:59]} 72. Kg3 {[%emt 0:00:17]} Nfd5 {[%emt 0:00:18] Hoping for ...Na8.} 73. Ra3+ $2 {[%emt 0:00:26][%mdl 8192] [#]} (73. a8=Q $11 Nxa8 74. Re1) 73... Nc3 $1 {[%emt 0:00:43][%mdl 512] Black mates.} 74. Ra1 {[%emt 0:01:18]} (74. Rxc3+ Kd2) 74... Nd1 {[%emt 0:00:11]} 75. Ra3+ {[%emt 0:00:11]} Kd4 {[%emt 0:00:27]} 76. Ra4+ {[%emt 0:00:41]} Kd5 {[%emt 0:00:28]} 77. Ra5+ {[%emt 0:00:23]} Kd6 {[%emt 0:00:15] Both players deserved the win here.  Weighted Error Value: White=0.47/Black=0.41} 0-1

[Event "German Bundesliga 2021-22"]
[Site "Germany"]
[Date "2022.04.10"]
[Round "4.15"]
[White "Hainke, Guntram"]
[Black "Meier, Georg"]
[Result "1/2-1/2"]
[WhiteElo "2302"]
[BlackElo "2631"]
[Annotator "TA"]
[PlyCount "90"]
[EventDate "2022.03.05"]
[EventType "team-tourn"]
[EventCountry "GER"]
[SourceTitle "playchess.com"]
[Source "ChessBase"]
[SourceQuality "1"]
[TimeControl "40/5400+30:1800+30"]

{[%evp 9,90,40,35,40,69,39,43,40,33,39,59,31,42,16,17,13,26,0,29,0,0,0,0,0,18,0,5,16,20,12,19,0,0,-49,29,27,20,16,62,60,79,40,105,104,159,134,125,115,104,80,100,85,90,92,96,27,29,31,66,72,72,71,70,65,77,68,65,20,25,25,30,20,18,17,31,17,43,32,45,0,10,0,56]} 1. d4 {[%emt 0:00:00]} e6 {[%emt 0:00:00]} 2. c4 {[%emt 0:00:00]} b6 {[%emt 0:00:00]} 3. e4 {[%emt 0:00:00]} Bb7 {[%emt 0:00:00]} 4. Bd3 {[%emt 0:00:00]} Bb4+ {[%emt 0:00:00]} 5. Bd2 {[%emt 0:00:00]} Bxd2+ {[%emt 0:00:00]} 6. Qxd2 {[%emt 0:00:00] A40: Unusual replies to 1 d4.} Nh6 {[%emt 0:00:00] [#]} 7. Ne2 $146 {[%emt 0:08:44]} ({Predecessor:} 7. Nf3 f6 8. Nc3 Nf7 9. O-O Nc6 10. Rfe1 Ng5 11. Nxg5 fxg5 12. Ne2 Qf6 13. e5 {½-½ (23) Ragger,M (2668)-Graf,F (2493) Germany 2013}) 7... O-O {[%emt 0:00:00]} 8. O-O {[%emt 0:03:36] White is slightly better.} f5 {[%emt 0:02:38]} 9. Nbc3 {[%emt 0:13:13]} Nc6 {[%emt 0:00:07][%cal Bb8c6,Bc6e5,Be5g6,Bg6f4][%mdl 32]} 10. exf5 {[%emt 0:18:40]} Nxf5 {[%emt 0:00:37]} 11. Bxf5 {[%emt 0:03:04]} Rxf5 {[%emt 0:01:13]} 12. Ng3 {[%emt 0:00:55]} Rf7 {[%emt 0:04:07]} 13. d5 {[%emt 0:07:20]} Ne5 {[%emt 0:01:50]} 14. dxe6 {[%emt 0:07:17]} dxe6 {[%emt 0:00:43]} 15. Qe2 {[%emt 0:02:50]} Ng6 {[%emt 0:04:41][%cal Ob7g2]} 16. Rad1 {[%emt 0:01:54]} (16. Qxe6 $2 Nf4 17. Qg4 Bxg2 $19) 16... Qg5 {[%emt 0:10:44] [#] White must now prevent ...Nf4.} 17. Nce4 {[%emt 0:01:01][%cal Bc3e4,Be4f2,Bf2g4,Bg4e5][%mdl 32]} (17. Qxe6 $2 Nf4 18. Nce4 (18. h4 $2 Qxh4 19. Rd4 Nh3+ 20. Qxh3 Qxd4 $19) 18... Nxe6 $19) 17... Qe5 {[%emt 0:01:16][%cal Oh7h5]} 18. f3 {[%emt 0:01:08]} (18. Rfe1 {looks sharper.} Raf8 19. Qd2 h5 20. Ng5) 18... Nf4 {[%emt 0:00:38]} (18... h5 {feels hotter.} 19. Nc3 h4 20. Nge4 h3) 19. Qd2 {[%emt 0:01:37]} Raf8 {[%emt 0:04:26]} 20. b3 {[%emt 0:15:22]} g5 {[%emt 0:04:24][%cal Og5g4]} 21. Rfe1 {[%emt 0:03:49]} (21. Qc3 $11 Qxc3 22. Nxc3) 21... h6 {[%emt 0:01:53]} (21... Qg7 $1 $15 22. h3 h5) 22. Nf2 $36 {[%emt 0:00:47][%mdl 2048] White is more active. Pair of Knights!} Qg7 {[%emt 0:00:41]} 23. Ng4 {[%emt 0:05:45]} h5 {[%emt 0:02:26]} (23... Re7 $11) 24. Ne5 $14 {[%emt 0:00:38]} Re7 {[%emt 0:00:04]} 25. Qe3 {[%emt 0:01:47]} g4 {[%emt 0:04:08]} (25... h4 $14) 26. Rd4 $16 {[%emt 0:00:43]} Qf6 {[%emt 0:05:50]} (26... Qg5 $142) 27. Rxf4 Qxf4 {[%emt 0:00:06]} 28. Qxf4 {[%emt 0:02:35]} Rxf4 {[%emt 0:00:09]} 29. Ng6 {[%emt 0:00:02]} Rff7 {[%emt 0:00:20]} 30. Nxe7+ {[%emt 0:00:26]} Rxe7 {[%emt 0:00:03]} 31. fxg4 {[%emt 0:00:21]} ({Don't take} 31. Nxh5 gxf3 32. Nf4 fxg2 $14) 31... hxg4 {[%emt 0:00:08][%mdl 4096] Endgame KRB-KRN} 32. Nf5 {[%emt 0:00:14]} Rd7 $11 {[%emt 0:00:36]} 33. Rxe6 {[%emt 0:01:11]} Kf7 {[%emt 0:00:34]} 34. Re2 {[%emt 0:00:30] aiming for Nh6+. &Bianco is more active.} Kf6 {[%emt 0:01:04]} 35. Ne3 {[%emt 0:00:25]} Kg5 {[%emt 0:00:15]} 36. Kf2 {[%emt 0:00:46]} Kf4 {[%emt 0:00:31]} 37. g3+ {[%emt 0:01:22]} Kg5 {[%emt 0:00:07]} 38. Ng2 {[%emt 0:00:50]} Bf3 {[%emt 0:02:58]} 39. Rc2 {[%emt 0:00:33]} Kf5 {[%emt 0:07:00]} 40. Ne3+ {[%emt 0:00:33]} Ke4 {[%emt 0:00:23]} 41. Nf1 {[%emt 0:00:00]} Rf7 {[%emt 0:00:00] [#] And now ...Bd1+ would win.} 42. Rd2 {[%emt 0:00:00]} Bh1+ {[%emt 0:00:00]} 43. Kg1 {[%emt 0:00:00] Threatens to win with Rd1.} Bf3 {[%emt 0:00:00] Against Rd1} 44. Kf2 {[%emt 0:00:00]} Bh1+ {[%emt 0:00:00]} 45. Kg1 {[%emt 0:00:00]} (45. Ke1 $11 {should be considered.}) 45... Bf3 {[%emt 0:00:00] Weighted Error Value: White=0.14 (very precise) /Black=0.15 (very precise)} 1/2-1/2

[Event "German Bundesliga 2021-22"]
[Site "Germany"]
[Date "2022.04.10"]
[Round "4.16"]
[White "Doettling, Fabian"]
[Black "Rudolph, Eva"]
[Result "1-0"]
[WhiteElo "2587"]
[BlackElo "1801"]
[Annotator "TA"]
[PlyCount "82"]
[EventDate "2022.03.05"]
[EventType "team-tourn"]
[EventCountry "GER"]
[SourceTitle "playchess.com"]
[Source "ChessBase"]
[SourceQuality "1"]
[TimeControl "40/5400+30:1800+30"]

{[%evp 10,82,16,17,26,22,26,24,10,18,23,23,64,64,67,68,61,33,95,90,105,104,127,126,135,127,139,122,160,142,229,206,232,245,237,262,256,235,295,287,274,268,261,243,483,472,483,493,580,583,491,575,562,499,480,497,480,491,495,504,558,552,583,525,553,515,29983,29984,29984,29985,29985,29986,29986,29987,29987]} 1. d4 {[%emt 0:00:00]} d5 {[%emt 0:00:00]} 2. Nf3 {[%emt 0:00:00]} Nf6 {[%emt 0:00:00]} 3. c4 {[%emt 0:00:00]} e6 {[%emt 0:00:00]} 4. Nc3 {[%emt 0:00:00]} Bb4 {[%emt 0:00:00]} 5. Qa4+ {[%emt 0:00:28]} Nc6 {[%emt 0:00:00]} 6. e3 {[%emt 0:00:28]} Bd7 {[%emt 0:00:00][%cal Oc6d4] D38: Queen's Gambit Declined: Ragozin Defence (4 Nf3 Bb4).} 7. Qc2 {[%emt 0:00:42]} O-O {[%emt 0:00:38]} 8. a3 {[%emt 0:05:21]} Bxc3+ {[%emt 0:05:59] White has an edge.} 9. Qxc3 {[%emt 0:01:50]} Ne4 {[%emt 0:20:25]} 10. Qc2 {[%emt 0:00:37] [#]} Kh8 $146 {[%emt 0:03:01]} ({Predecessor:} 10... Be8 11. Bd3 f5 12. b4 a6 13. Bb2 Rc8 14. Rc1 Rf6 15. Qb3 Bh5 16. Ng1 Rg6 17. Bf1 dxc4 18. Qxc4 {½-½ (70) Anton Guijarro,D (2475)-Almagro Llamas,P (2454) Madrid 2012}) 11. Bd3 {[%emt 0:19:23]} f5 {[%emt 0:02:54]} 12. b4 {[%emt 0:07:37][%cal Bb2b4,Bb4b5][%mdl 32]} Be8 {[%emt 0:09:11]} 13. b5 {[%emt 0:08:24]} Ne7 {[%emt 0:00:28]} ({Black should play} 13... dxc4 $14 14. Qxc4 (14. Bxe4 fxe4 15. Qxe4 Na5 $17) 14... Na5) 14. cxd5 {[%emt 0:05:25] White leaves nothing to chance now.} exd5 {[%emt 0:02:36][%cal Oc7c5]} 15. O-O {[%emt 0:00:40]} Rc8 {[%emt 0:02:34]} 16. a4 $1 {[%emt 0:05:57]} Rf6 {[%emt 0:06:02]} 17. Ne5 {[%emt 0:07:17]} c5 {[%emt 0:10:23] [#]} 18. dxc5 $1 {[%emt 0:01:12]} Rxc5 {[%emt 0:01:07]} 19. Qb2 {[%emt 0:01:29]} Qc7 {[%emt 0:05:09] [#]} (19... Ng6 $16 20. Nf3 Rc7) 20. Qd4 $1 $18 {[%emt 0:01:49]} Ng6 {[%emt 0:08:20]} 21. Nf3 {[%emt 0:08:17]} ({But not} 21. Bb2 b6 22. Nf3 h6) 21... Nf8 {[%emt 0:02:47]} 22. Ba3 {[%emt 0:02:54]} Ne6 {[%emt 0:00:57]} 23. Qb2 {[%emt 0:03:22]} Rc3 {[%emt 0:00:12]} 24. Rac1 {[%emt 0:01:01]} Rxc1 {[%emt 0:04:24]} 25. Rxc1 {[%emt 0:00:05]} ({Don't take} 25. Qxc1 $6 Qd8 26. Ne5 b6 $16) 25... Qd8 {[%emt 0:00:23]} 26. Nd4 {[%emt 0:04:23]} Bd7 $2 {[%emt 0:02:23]} (26... b6 {was necessary.} 27. f3 N4c5 28. Bxf5 Nxd4 29. exd4 Ne6) 27. f3 {[%emt 0:00:45]} N4g5 {[%emt 0:07:08]} 28. Nxf5 {[%emt 0:00:46] And now Be7 would win.} Nc5 {[%emt 0:01:16]} 29. Bxc5 {[%emt 0:07:26] Threatens to win with Be7.} Bxf5 {[%emt 0:00:38]} 30. Bxf5 {[%emt 0:00:08]} Rxf5 {[%emt 0:00:14]} 31. Bxa7 {[%emt 0:00:07]} Ne6 {[%emt 0:01:30]} 32. Qc3 {[%emt 0:01:08]} Rf8 {[%emt 0:00:49]} 33. a5 {[%emt 0:00:49]} Qd7 {[%emt 0:01:01]} 34. Qd3 {[%emt 0:00:43]} Ra8 {[%emt 0:01:25]} 35. Bb6 {[%emt 0:00:19]} Re8 {[%emt 0:01:44]} 36. Rd1 {[%emt 0:01:09]} d4 {[%emt 0:01:32]} 37. Bxd4 {[%emt 0:00:23]} Rd8 {[%emt 0:00:37] [#]} (37... Nxd4 $18 38. exd4 h6) 38. Bxg7+ $1 {[%emt 0:01:06] White mates.} Qxg7 {[%emt 0:00:14]} 39. Qxd8+ $1 {[%emt 0:00:07]} Nxd8 {[%emt 0:00:04]} 40. Rxd8+ {[%emt 0:00:08]} Qg8 {[%emt 0:00:05]} 41. Rxg8+ {[%emt 0:30:07]} Kxg8 {[%emt 0:30:04] Weighted Error Value: White=0.06 (flawless) /Black=0.46} 1-0

[Event "German Bundesliga 2021-22"]
[Site "Germany"]
[Date "2022.04.10"]
[Round "4.16"]
[White "Roseneck, Jonas"]
[Black "Rafiee, Makan"]
[Result "0-1"]
[WhiteElo "2376"]
[BlackElo "2338"]
[Annotator "NA RC"]
[PlyCount "50"]
[EventDate "2022.03.05"]
[EventType "team-tourn"]
[EventCountry "GER"]
[SourceTitle "playchess.com"]
[Source "ChessBase"]
[SourceQuality "1"]
[TimeControl "40/5400+30:1800+30"]

1. c4 {[%emt 0:00:00]} c6 {[%emt 0:00:00]} 2. Nc3 {[%emt 0:00:00]} d5 {[%emt 0:00:00]} 3. d4 {[%emt 0:00:00]} Nf6 {[%emt 0:00:00]} 4. Nf3 {[%emt 0:00:00]} a6 {[%emt 0:00:00]} 5. g3 {[%emt 0:00:00]} Bf5 {[%emt 0:00:00]} 6. Bg2 {[%emt 0:00:00]} b5 {[%emt 0:00:00]} 7. b3 {[%emt 0:00:00]} h6 {[%emt 0:02:33]} 8. O-O {[%emt 0:04:46]} e6 {[%emt 0:00:52]} 9. Bb2 {[%emt 0:09:59]} Nbd7 {[%emt 0:05:51]} 10. a3 {[%emt 0:17:34]} Ne4 {[%emt 0:26:01]} 11. Nd2 {[%emt 0:03:56]} Nxd2 {[%emt 0:05:48]} 12. Qxd2 {[%emt 0:00:19]} Nf6 {[%emt 0:04:02]} 13. f3 {[%emt 0:12:03]} Be7 {[%emt 0:05:28]} 14. e4 {[%emt 0:04:02]} Bh7 {[%emt 0:00:59]} 15. e5 {[%emt 0:08:27]} Nd7 {[%emt 0:00:06]} 16. Nd1 {[%emt 0:05:04]} dxc4 {[%emt 0:10:19]} 17. f4 {[%emt 0:05:14]} cxb3 {[%emt 0:00:52]} 18. Bxc6 {[%emt 0:04:05]} Rc8 {[%emt 0:00:20]} 19. d5 {[%emt 0:05:02]} Bc5+ {[%emt 0:01:10]} 20. Bd4 {[%emt 0:05:10]} Rxc6 {[%emt 0:15:18]} 21. dxc6 {[%emt 0:01:41]} Nb6 {[%emt 0:01:24]} 22. Bxc5 {[%emt 0:08:25]} Qxd2 {[%emt 0:00:05]} 23. Ne3 {[%emt 0:00:47]} Nd5 {[%emt 0:04:25]} 24. Rad1 {[%emt 0:01:42]} Qc3 {[%emt 0:00:27]} 25. Rc1 {[%emt 0:00:02]} Bc2 {[%emt 0:00:14]} 0-1

[Event "German Bundesliga 2021-22"]
[Site "Germany"]
[Date "2022.04.10"]
[Round "4.16"]
[White "Colbow, Collin"]
[Black "Moehn, Hans"]
[Result "1/2-1/2"]
[WhiteElo "2370"]
[BlackElo "2360"]
[Annotator "NA RC"]
[PlyCount "113"]
[EventDate "2022.03.05"]
[EventType "team-tourn"]
[EventCountry "GER"]
[SourceTitle "playchess.com"]
[Source "ChessBase"]
[SourceQuality "1"]
[TimeControl "40/5400+30:1800+30"]

1. e4 {[%emt 0:00:00]} c5 {[%emt 0:00:00]} 2. Nf3 {[%emt 0:00:00]} e6 {[%emt 0:00:00]} 3. d4 {[%emt 0:00:00]} cxd4 {[%emt 0:00:00]} 4. Nxd4 {[%emt 0:00:00]} a6 {[%emt 0:00:00]} 5. Nc3 {[%emt 0:00:00]} Qc7 {[%emt 0:00:00]} 6. Bd3 {[%emt 0:00:00]} Nf6 {[%emt 0:00:00]} 7. Qe2 {[%emt 0:00:00]} Bd6 {[%emt 0:00:00]} 8. h3 {[%emt 0:00:00]} Nc6 {[%emt 0:00:11]} 9. Nxc6 {[%emt 0:00:22]} dxc6 {[%emt 0:00:27]} 10. O-O {[%emt 0:00:24]} e5 {[%emt 0:04:55]} 11. a4 {[%emt 0:33:55]} O-O {[%emt 0:09:12]} 12. Bd2 {[%emt 0:07:21]} b6 {[%emt 0:06:31]} 13. Nd1 {[%emt 0:05:04]} Be6 {[%emt 0:16:15]} 14. Ne3 {[%emt 0:02:37]} b5 {[%emt 0:01:10]} 15. b4 {[%emt 0:13:26]} g6 {[%emt 0:12:39]} 16. c4 {[%emt 0:03:22]} Nh5 {[%emt 0:04:18]} 17. Ng4 {[%emt 0:07:17]} Rab8 {[%emt 0:10:56]} 18. axb5 {[%emt 0:06:30]} axb5 {[%emt 0:00:10]} 19. cxb5 {[%emt 0:09:27]} cxb5 {[%emt 0:00:21]} 20. Bxb5 {[%emt 0:01:26]} Qb6 {[%emt 0:29:50]} 21. Ra6 {[%emt 0:01:46]} Ng3 {[%emt 0:02:29]} 22. Qf3 {[%emt 0:00:51]} Qxb5 {[%emt 0:00:26]} 23. Nh6+ {[%emt 0:01:33]} Kg7 {[%emt 0:00:06]} 24. fxg3 {[%emt 0:00:10]} Be7 {[%emt 0:00:53]} 25. Ra7 {[%emt 0:04:19]} Rb7 {[%emt 0:00:30]} 26. Rxb7 {[%emt 0:01:24]} Qxb7 {[%emt 0:00:02]} 27. Ng4 {[%emt 0:01:17]} Bxg4 {[%emt 0:00:01]} 28. hxg4 {[%emt 0:00:09]} Qb6+ {[%emt 0:01:25]} 29. Kh2 {[%emt 0:00:53]} Qe6 {[%emt 0:00:59]} 30. Rd1 {[%emt 0:01:23]} Rb8 {[%emt 0:01:10]} 31. Rb1 {[%emt 0:00:25]} Qa2 {[%emt 0:00:32]} 32. Qc3 {[%emt 0:00:34]} Qxb1 {[%emt 0:00:25]} 33. Qxe5+ {[%emt 0:00:04]} Bf6 {[%emt 0:00:25]} 34. Qxb8 {[%emt 0:00:12]} Bd4 {[%emt 0:00:19]} 35. Bh6+ {[%emt 0:01:13]} Kxh6 {[%emt 0:00:09]} 36. Qf8+ {[%emt 0:00:12]} Bg7 {[%emt 0:01:07]} 37. g5+ {[%emt 0:00:06]} Kxg5 {[%emt 0:00:11]} 38. Qxg7 {[%emt 0:00:09]} Qxb4 {[%emt 0:00:47]} 39. Qxh7 {[%emt 0:01:33]} Qxe4 {[%emt 0:00:10]} 40. Qxf7 {[%emt 0:00:16]} Qe5 {[%emt 0:00:57]} 41. Qf8 {[%emt 0:00:00]} Kg4 {[%emt 0:00:00]} 42. Qb4+ {[%emt 0:00:00]} Kf5 {[%emt 0:00:00]} 43. Kh3 {[%emt 0:00:00]} g5 {[%emt 0:00:00]} 44. g4+ {[%emt 0:00:00]} Kg6 {[%emt 0:00:00]} 45. Qb6+ {[%emt 0:00:00]} Kg7 {[%emt 0:00:00]} 46. Qb7+ {[%emt 0:00:00]} Kg6 {[%emt 0:00:23]} 47. Qc6+ {[%emt 0:00:00]} Kg7 {[%emt 0:00:08]} 48. Qd7+ {[%emt 0:00:00]} Kg6 {[%emt 0:00:45]} 49. Qd3+ {[%emt 0:00:21]} Kh6 {[%emt 0:02:31]} 50. Qf5 {[%emt 0:04:44]} Qe3+ {[%emt 0:00:42]} 51. Kh2 {[%emt 0:00:55]} Qf4+ {[%emt 0:01:29]} 52. Kh3 {[%emt 0:00:21]} Qe3+ {[%emt 0:00:11]} 53. g3 {[%emt 0:01:16]} Qd2 {[%emt 0:02:11]} 54. Qe6+ {[%emt 0:01:09]} Kg7 {[%emt 0:00:21]} 55. Qe5+ {[%emt 0:00:14]} Kg6 {[%emt 0:00:21]} 56. Qe4+ {[%emt 0:00:21]} Kg7 {[%emt 0:01:33]} 57. Qe5+ {[%emt 0:02:03]} 1/2-1/2